VINCENT, Joan (ed.). — The Anthropology of Politics. A Reader in Ethnography, Theory and Critique. Malden-London, Blackwell, 2002, 476 p. (notice n° 1583507)
[ vue normale ]
| 000 -LEADER | |
|---|---|
| fixed length control field | 00586cam a2200145 4500500 |
| 005 - DATE AND TIME OF LATEST TRANSACTION | |
| control field | 20251228052420.0 |
| 041 ## - LANGUAGE CODE | |
| Language code of text/sound track or separate title | fre |
| 042 ## - AUTHENTICATION CODE | |
| Authentication code | dc |
| 100 10 - MAIN ENTRY--PERSONAL NAME | |
| Personal name | Dahou, Tarik |
| Relator term | author |
| 245 00 - TITLE STATEMENT | |
| Title | VINCENT, Joan (ed.). — The Anthropology of Politics. A Reader in Ethnography, Theory and Critique. Malden-London, Blackwell, 2002, 476 p. |
| 260 ## - PUBLICATION, DISTRIBUTION, ETC. | |
| Date of publication, distribution, etc. | 2005.<br/> |
| 500 ## - GENERAL NOTE | |
| General note | 56 |
| 786 0# - DATA SOURCE ENTRY | |
| Note | Cahiers d'études africaines | 178 | 2 | 2005-06-01 | p. 585k-620k | 0008-0055 |
| 856 41 - ELECTRONIC LOCATION AND ACCESS | |
| Uniform Resource Identifier | <a href="https://shs.cairn.info/revue-cahiers-d-etudes-africaines-2005-2-page-585k?lang=fr&redirect-ssocas=7080">https://shs.cairn.info/revue-cahiers-d-etudes-africaines-2005-2-page-585k?lang=fr&redirect-ssocas=7080</a> |
Pas d'exemplaire disponible.




Réseaux sociaux